Trouvez les paroles disney « je veux y croire » - Statistiques

Statistiques générales
  • Ce quiz a été pris 1 651 fois
  • Le résultat moyen est 165 sur 196
Statistiques - réponses
Hint Réponse % Correct
33 | 38 | 52 | +9 others je
96%
128 | 176 | 192 Je
96%
42 | 60 | 137 | 155 s’
96%
48 | 96 | 104 | 181 à
95%
14 croire.
95%
90 | 189 | 194 croire
95%
40 | 49 | 106 | 135 l’
95%
72 L’
95%
16 | 109 d’
94%
2 | 9 | 21 | +4 others ce
93%
25 | 35 | 58 | +4 others la
93%
30 | 81 | 115 | +3 others le
93%
23 | 36 | 99 | +2 others et
92%
51 | 63 | 145 | +2 others Et
92%
27 Me
91%
77 me
91%
1 | 8 | 93 Tout
91%
85 | 101 | 184 tout
91%
89 | 188 | 193 veux
91%
5 | 148 | 161 | 171 dans
90%
13 y
90%
91 | 190 | 195 en
89%
3 | 10 | 95 | 103 temps
89%
43 | 47 | 61 | +4 others est
88%
20 | 24 de
87%
79 De
87%
45 ma
87%
68 Les
86%
165 les
86%
39 | 130 | 147 | 160 vois
86%
6 mes
85%
169 nous.
85%
11 | 111 sans
84%
22 | 82 | 116 | 180 monde
83%
34 | 53 | 65 suis
83%
46 vie
83%
120 vie.
83%
41 | 136 avenir
82%
31 | 126 ciel
82%
44 éclairé
82%
139 éclairé,
82%
7 pensées.
82%
151 | 164 | 178 que
82%
32 étoilé,
81%
127 étoilé.
81%
157 levé.
81%
69 lumières
81%
166 lumiéres
81%
29 | 124 sous
81%
92 | 191 | 196 vous.
81%
12 jamais
80%
168 pour
80%
57 | 154 enfin
79%
150 | 163 regard
79%
54 | 66 toute
79%
28 voila
79%
55 | 67 éblouie.
78%
142 ou
78%
37 soudain,
78%
132 soudain
78%
174 du
76%
121 Elle
76%
50 endroit.
76%
18 si
76%
15 | 108 Tant
76%
17 | 110 années
75%
134 sais
75%
56 Car
74%
175 soir.
74%
119 vrai
74%
167 brillent
73%
182 changé.
73%
62 levée.
73%
144 vais.
73%
19 loin
72%
26 vérité.
72%
59 brûme
71%
4 cachée
71%
100 nuit,
71%
80 | 112 voir
71%
98 jour
70%
84 | 183 Maintenant
69%
113 ni
69%
114 comprendre
68%
153 voile
67%
141 devine
66%
87 | 186 différent,
66%
107 ennui.
66%
71 partout.
66%
86 | 185 semble
66%
177 sens
66%
73 air
64%
105 chasser
64%
173 douceur
63%
75 doux,
63%
97 rêver
63%
70 scintillent
63%
78 réjouis.
58%
83 avancer.
54%
Aucun quiz correspondant
Distribution des résultats
% des personnes avec chaque résultat
Percentile par nombre de réponses
Votre historique - résultats
Vous n’avez pas pris ce quiz